000 00778nam a2200241Ia 4500
003 OSt
005 20220923214941.0
006 a|||||r|||| 00| 0
007 ta
008 220922b |||||||| |||| 00| 0 hin d
024 _a174,070
037 _cTextual
040 _aARTS
_cARTS
_bhin
041 _2hin
_ahin
082 _aO152:6NSx, K0
100 _aदेवड़ा, शरद
_9156278
245 0 _aखत्थर का लैम्प पोस्ट
246 _aKhatthar kā laimpa posṭa
260 _c1960
490 _aज्ञानपीठ लोकोदय ग्रंथमाला हिंदी ग्रंथांक; 125
942 _hO152:6NSx, K0
_cTEXL
_2CC
999 _c327887
_d327887